| 000 | 00926nam a2200289Ia 4500 | ||
|---|---|---|---|
| 001 | Para_1765 | ||
| 003 | CHAP | ||
| 008 | 220125s1998 xx 000 0 und d | ||
| 010 | _a200397 | ||
| 040 | _cCHAP | ||
| 090 | _aD-27 | ||
| 100 |
_aQuiñones F., Juan A. _9165260 |
||
| 245 |
_aProduce mango / _c por Juan A. Quiñones F. |
||
| 260 |
_aCuliacán, Sin. : _b El autor |
||
| 500 | _aVIDEOCASSETTE-VHS | ||
| 505 | _aMuestra la técnica precisa para producir mango. Engloba manejo de viveros, podas fertilización riego y empaque, entre otros. Además anuncia las plagas y enfermedades de este frutal. | ||
| 630 |
_aMATERIAL AUDIOVISUAL _9165241 |
||
| 650 |
_aMango _x enfermedades _970410 |
||
| 650 |
_aMango _x plagas _970443 |
||
| 901 | _aD-27 | ||
| 902 | _aA | ||
| 905 | _a0000001998 0000000000 00 | ||
| 910 | _a1998 | ||
| 942 | _cPARA | ||
| 942 |
_cPARA _d1 |
||
| 999 |
_c200397 _d200397 |
||